Bienvenue à la Médiathèque de Saint-Andiol
banniere
Accueil Recherche avancée Mon compte
handi1 Rechercher dans le catalogue

Filtre   Mots-clés
  Recherche avancée
 
Lister les dernières nouveautés
 
Lister les livres GROS CARACTERES
 
Lister les périodiques (magazines)

handi1 Ressources humaines

Book Cover
Auteur principal : Arthur de Pins
Titre : Ressources humaines
Support : Livres
Langue : Francais
Publié : DL 2011 Dupuis Paris
Series : Zombillénium
Genre : Bande Dessinée (enfants)
Collection : Zombillénium
Sujets :
Étiquettes :
Pas de tags
LEADER 01167nam0a2200229 450
001 16855592
010 |a 978-2-8001-5054-3  |b rel.  |d 14,5 € 
100 |a 20211214d2026 u u0frey01 ba 
101 0 |a fre 
102 |a BE 
200 0 |a Ressources humaines  |f Arthur de Pins 
207 1 |a   
210 |a Paris  |b 57, bd de La Villette  |c Dupuis  |d DL 2011 
215 |a 1 vol. (non paginé [49] p.)  |c ill. en coul., couv. ill. en coul.  |d 32 cm  |e 1 journal 
225 1 |a Zombillénium  |v 2 
300 |a Fauve d'Angoulême 2012 prix jeunesse. 
330 |a Les esprits s'échauffent autour de Zombillénium. Quand des morts et des sorcières sont embauchés dans une région où le taux de chômage est à 25%, il faut bien s'attendre à quelques frictions. De plus, des visiteurs sont pénibles et des employés, même morts, veulent prendre des vacances. Ce n'est pas le moment de venir parler de revendications salariales à Francis Von Bloodt. 
461 0 |t Zombillénium  |v 2 
700 0 |a Pins  |b Arthur de  |f 1977-....  |4 70 
900 |a Bande Dessinée (enfants) 
901 |a Jeunesse 
995 |a Médiathèque  |c Médiathèque  |f 089018467  |h 089018467  |k BD ZOM 2  |o p  |q j  |r az  |e Médiathèque